Loading...
Valanja Kalulla Kuta
| Main Author: | |
|---|---|
| Format: | Printed Book |
| Published: |
Kannur
Alfa One
2012
|
| LEADER | 00419nam a22001337a 4500 | ||
|---|---|---|---|
| 020 | |a 9788192353753 | ||
| 082 | |a 894.812 301 |b KVM/VA | ||
| 100 | |a Kumaran,U K | ||
| 245 | |a Valanja Kalulla Kuta | ||
| 260 | |a Kannur |b Alfa One |c 2012 | ||
| 300 | |a 95p. | ||
| 942 | |c BK | ||
| 999 | |c 2598 |d 2598 | ||
| 952 | |0 0 |1 0 |4 0 |6 894_812000000000000_301_KVM_VA |7 0 |8 FIC |9 3480 |a KUFOS |b KUFOS |c FIC |d 2016-05-13 |o 894.812 301 KVM/VA |p 13807 |r 2016-05-13 |w 2016-05-13 |y BK | ||